000
00308nam a2200133Ia 4500
005
20251222144727.0
008
251222s9999||||xx |||||||||||||| ||spa||
020
_a
84-8280-704-8
082
_a
848.8/V53S/1984
100
_a
Verne, Julio
245
0
_a
Miguel Strogoff
264
_b
Oveja Negra
942
_c
LIB
999
_c
18455
_d
18455